[Event "Moscow Smyslov-A"]
[Site "Moscow"]
[Date "2025.06.08"]
[Round "7"]
[White "Shinkorenko, Ivan Al"]
[Black "Marchenko, Nikolay"]
[Result "1-0"]
[WhiteElo "2003"]
[BlackElo "2186"]
[PlyCount "85"]
[EventDate "2025.06.02"]
[EventType "swiss"]
[EventRounds "8"]
[EventCountry "RUS"]
[SourceTitle "CB29_2025"]
[SourceDate "2025.07.16"]
[SourceVersion "1"]
[SourceVersionDate "2025.07.16"]
[SourceQuality "1"]

1. e4 e5 2. Nf3 Nf6 3. Nxe5 d6 4. Nf3 Nxe4 5. Bd3 Nf6 6. 0-0 Be7 7. c3 0-0 8. Bc2 b6 9. d4 Bb7 10. Re1 Nbd7 11. Nbd2 Re8 12. Nf1 Bf8 13. Be3 g6 14. h3 Bg7 15. N1h2 Re7 16. Qd2 Ne4 17. Bxe4 Bxe4 18. d5 Nc5 19. Bd4 Qf8 20. b4 Nd7 21. Bxg7 Qxg7 22. Nd4 Rae8 23. Nb5 Re5 24. Nxc7 Rc8 25. f4 Rh5 26. Rxe4 Rxc7 27. Re8+ Nf8 28. Re3 Rf5 29. Rae1 g5 30. fxg5 Rxg5 31. Nf3 Rf5 32. Qd3 Qg6 33. Nh4 Rf1+ 34. Qxf1 Qg5 35. Nf5 Ng6 36. Re8+ Nf8 37. R8e3 Ng6 38. h4 Qd8 39. h5 Qg5 40. hxg6 hxg6 41. Rg3 Qd2 42. Nxd6 Qxd5 43. Qf6 1-0

[Event "Cheliabinsk Panchenko Memorial op-A"]
[Site "Cheliabinsk"]
[Date "2021.09.18"]
[Round "6"]
[White "Marchenko, Nikolay"]
[Black "Dovbnia, Nikita"]
[Result "1/2-1/2"]
[WhiteElo "2060"]
[BlackElo "1986"]
[PlyCount "98"]
[EventDate "2021.09.13"]
[EventType "swiss"]
[EventRounds "10"]
[EventCountry "RUS"]
[SourceTitle "CBM 204 Extra"]
[Source "ChessBase"]
[SourceDate "2021.11.30"]
[SourceVersion "1"]
[SourceVersionDate "2021.11.30"]
[SourceQuality "1"]

1. c4 e5 2. Nc3 Nc6 3. Nf3 g6 4. d4 exd4 5. Nd5 Bg7 6. Bg5 f6 7. Bf4 d6 8. Nxd4 Nxd4 9. Qxd4 Kf7 10. c5 Be6 11. Rd1 c6 12. Nc3 d5 13. e4 Ne7 14. Be2 f5 15. Qb4 Qc8 16. exd5 Nxd5 17. Nxd5 Bxd5 18. 0-0 Re8 19. Bc4 Bxc4 20. Qxc4+ Qe6 21. Rd7+ Kg8 22. Qxe6+ Rxe6 23. Rxb7 Re2 24. Bb8 Bxb2 25. Rb1 Bd4 26. Rd1 Bxc5 27. Rd8+ Bf8 28. Kf1 Re6 29. Rc7 c5 30. Rcc8 Rf6 31. Ke2 a5 32. Kd3 a4 33. a3 f4 34. Kc4 f3 35. gxf3 Rxf3 36. Bd6 Rxc8 37. Rxc8 Rxf2 38. Kb5 Kg7 39. Bxf8+ Rxf8 40. Rxf8 Kxf8 41. Kxa4 Ke7 42. Kb5 Kd6 43. a4 g5 44. a5 h5 45. a6 Kc7 46. Kxc5 g4 47. Kd4 h4 48. Ke3 g3 49. hxg3 hxg3 1/2-1/2

[Event "Cheliabinsk Panchenko Memorial op-A"]
[Site "Cheliabinsk"]
[Date "2021.09.14"]
[Round "2"]
[White "Marchenko, Nikolay"]
[Black "Kavyev, Ruslan"]
[Result "1/2-1/2"]
[WhiteElo "2060"]
[BlackElo "2306"]
[PlyCount "141"]
[EventDate "2021.09.13"]
[EventType "swiss"]
[EventRounds "10"]
[EventCountry "RUS"]
[SourceTitle "CBM 204 Extra"]
[Source "ChessBase"]
[SourceDate "2021.11.30"]
[SourceVersion "1"]
[SourceVersionDate "2021.11.30"]
[SourceQuality "1"]

1. d4 Nf6 2. Nf3 g6 3. Nbd2 d5 4. e3 c5 5. dxc5 Bg7 6. a3 0-0 7. Rb1 Qc7 8. b4 Ne4 9. Bb2 Nc3 10. Bxc3 Bxc3 11. Nd4 Qe5 12. Nb5 Bf5 13. Bd3 b6 14. Nxc3 Qxc3 15. cxb6 axb6 16. Rb3 Qf6 17. 0-0 Rc8 18. Qa1 Nd7 19. e4 dxe4 20. Nxe4 Qxa1 21. Rxa1 Ne5 22. a4 Nxd3 23. cxd3 Rxa4 24. Rab1 Ra2 25. Rc3 Rd8 26. f3 Bxe4 27. fxe4 Rd2 28. Rbc1 R8xd3 29. Rxd3 Rxd3 30. Rc6 Rd4 31. Rxb6 Rxe4 32. Kf2 f5 33. g3 Kf7 34. h4 h5 35. Rb7 Kf6 36. b5 Rb4 37. b6 Rb2+ 38. Ke3 Rb3+ 39. Kf2 Ke6 40. Kg2 Kd6 41. Kf2 Rb5 42. Kf3 Rb4 43. Kf2 e6 44. Rb8 Rb2+ 45. Ke3 Ke5 46. b7 Rb3+ 47. Ke2 Ke4 48. Re8 Rb2+ 49. Ke1 Rxb7 50. Rxe6+ Kf3 51. Rxg6 Rd7 52. Rg5 Rd5 53. Rxh5 Kxg3 54. Rg5+ Kf3 55. h5 Re5+ 56. Kd2 Re2+ 57. Kd3 f4 58. h6 Rh2 59. Rg6 Rh1 60. Kd4 Kf2 61. Ke5 f3 62. Kf6 Ke3 63. Kg7 f2 64. Re6+ Kd4 65. Rf6 f1Q 66. Rxf1 Rxf1 67. h7 Rg1+ 68. Kh8 Rh1 69. Kg7 Ke5 70. h8Q Rxh8 71. Kxh8 1/2-1/2

[Event "RUS-ch U20"]
[Site "Loo"]
[Date "2021.04.21"]
[Round "1"]
[White "Marchenko, Nikolay"]
[Black "Pavlov, Danila"]
[Result "1-0"]
[WhiteElo "2062"]
[BlackElo "2360"]
[PlyCount "65"]
[EventDate "2021.04.21"]
[EventType "swiss"]
[EventRounds "9"]
[EventCountry "RUS"]
[SourceTitle "CBM 202 Extra"]
[Source "ChessBase"]
[SourceDate "2021.07.31"]
[SourceVersion "1"]
[SourceVersionDate "2021.07.31"]
[SourceQuality "1"]

1. d4 Nf6 2. Bf4 g6 3. Nc3 Bg7 4. e4 d6 5. Qd2 c6 6. Bh6 0-0 7. Bxg7 Kxg7 8. f4 b5 9. e5 dxe5 10. fxe5 Nd5 11. Nf3 Nxc3 12. bxc3 Be6 13. Bd3 Bd5 14. h4 h5 15. 0-0 Na6 16. Ng5 Qd7 17. Rae1 Nc7 18. Re3 f6 19. exf6+ exf6 20. Nh3 f5 21. Rg3 Ne6 22. Rxf5 Qe8 23. Rxh5 Kf6 24. Bxg6 Qb8 25. Re5 Ke7 26. Ng5 Kd7 27. Nxe6 Bxe6 28. Be4 Qd6 29. Rg7+ Rf7 30. Rxf7+ Bxf7 31. Qf4 Bxa2 32. Bf5+ Kd8 33. Re8+ 1-0

[Event "Astrakhan op"]
[Site "Astrakhan"]
[Date "2013.08.17"]
[Round "4"]
[White "Isembaev, Bilal"]
[Black "Marchenko, Nikolay"]
[Result "1/2-1/2"]
[WhiteElo "1991"]
[BlackElo "1842"]
[PlyCount "92"]
[EventDate "2013.08.14"]
[EventType "swiss"]
[EventRounds "9"]
[EventCountry "RUS"]
[SourceTitle "CBM 156 Extra"]
[Source "ChessBase"]
[SourceDate "2013.10.22"]
[SourceVersion "1"]
[SourceVersionDate "2013.10.22"]
[SourceQuality "1"]

1. e4 c6 2. d3 d6 3. Nf3 Nf6 4. g3 g6 5. Bg2 Bg7 6. Nbd2 0-0 7. 0-0 e5 8. Re1 Nbd7 9. c3 Re8 10. Qc2 d5 11. a4 Qc7 12. a5 a6 13. b4 Nf8 14. Nb3 dxe4 15. dxe4 Ne6 16. Ng5 h6 17. Nxe6 Bxe6 18. Be3 Nd7 19. Nc5 Nxc5 20. Bxc5 Rac8 21. Rad1 Bf8 22. Bb6 Qb8 23. Bf1 Be7 24. Qd2 Kg7 25. Be3 h5 26. c4 Rcd8 27. Qc3 Bg4 28. Rc1 Bf6 29. Bb6 Rd7 30. f3 Be6 31. Rcd1 Bd8 32. Be3 Bc7 33. Rxd7 Bxd7 34. c5 Be6 35. Bc1 Rd8 36. Qe3 Rd7 37. Qh6+ Kg8 38. Be3 Qf8 39. Qxf8+ Kxf8 40. Be2 f6 41. Rd1 Rxd1+ 42. Bxd1 Ke7 43. Kf2 Bc4 44. h4 Bd3 45. Bb3 Bb8 46. Bg8 Bc7 1/2-1/2

[Event "Astrakhan Region-ch"]
[Site "Astrakhan"]
[Date "2012.10.17"]
[Round "6"]
[White "Marchenko, Nikolay"]
[Black "Mescheriakov, Andrei A"]
[Result "1/2-1/2"]
[WhiteElo "1843"]
[BlackElo "1984"]
[PlyCount "153"]
[EventDate "2012.10.13"]
[EventType "swiss"]
[EventRounds "9"]
[EventCountry "RUS"]
[SourceTitle "EXT 2023"]
[Source "ChessBase"]
[SourceDate "2022.10.05"]
[SourceVersion "1"]
[SourceVersionDate "2022.10.05"]
[SourceQuality "1"]

1. c4 Nf6 2. Nc3 e5 3. g3 d5 4. cxd5 Nxd5 5. Bg2 Nxc3 6. bxc3 Nc6 7. d3 Be7 8. e4 0-0 9. Ne2 Bg4 10. h3 Be6 11. f4 exf4 12. Bxf4 Qd7 13. d4 Bc4 14. 0-0 Rad8 15. Rf2 b5 16. g4 b4 17. cxb4 Bxe2 18. Qxe2 Qxd4 19. Rc1 Nxb4 20. Rc4 Qd1+ 21. Qxd1 Rxd1+ 22. Rf1 Rxf1+ 23. Bxf1 c5 24. a3 Nc6 25. Ra4 g5 26. Be3 Rb8 27. Ra6 Rb6 28. Rxb6 axb6 29. Bb5 Nd4 30. Bxd4 cxd4 31. a4 Kg7 32. Kg2 Kf6 33. Kf3 Ke5 34. Bd3 f6 35. Bb5 h6 36. Bd3 Kd6 37. Ke2 Kc5 38. Bb5 Bd6 39. Kd3 Bf4 40. Ke2 Be3 41. Kd3 Kb4 42. Bc6 Kb3 43. Bb5 Kb2 44. Bc6 Kc1 45. Ke2 Kc2 46. Bb5 Kc3 47. Bd3 Bf4 48. Bb5 Be5 49. Bd3 Bf4 50. Bb5 Be5 51. Bd3 Kb4 52. Bb5 Kc5 53. Bd3 Kd6 54. Bb5 Ke6 55. Bc4+ Ke7 56. Bb5 Kf7 57. Bc4+ Kg6 58. Bb5 Bd6 59. Kf3 Bc5 60. Ke2 Kf7 61. Bc4+ Ke7 62. Kf3 Kd6 63. Bb5 Ke5 64. Bd3 Ba3 65. Bb5 Bb2 66. Bd3 Kd6 67. Bb5 Ke5 68. Bd3 Bc3 69. Bb5 Ke6 70. Bd3 Kf7 71. Bb5 Kg6 72. Ke2 Kf7 73. Kf3 Ke6 74. Bc4+ Ke5 75. Bd3 Bb2 76. Bb5 Bc3 77. Bc4 1/2-1/2

[Event "Astrakhan op"]
[Site "Astrakhan"]
[Date "2012.08.21"]
[Round "7"]
[White "Prokopenko, Roman"]
[Black "Marchenko, Nikolay"]
[Result "1-0"]
[WhiteElo "1969"]
[BlackElo "1853"]
[PlyCount "62"]
[EventDate "2012.08.15"]
[EventType "swiss"]
[EventRounds "9"]
[EventCountry "RUS"]
[SourceTitle "CBM 150 Extra"]
[Source "ChessBase"]
[SourceDate "2012.10.19"]
[SourceVersion "1"]
[SourceVersionDate "2012.10.19"]
[SourceQuality "1"]

1. e4 g6 2. d4 Bg7 3. Nc3 d6 4. Be3 c6 5. f3 Nf6 6. Qd2 b5 7. g4 b4 8. Nce2 Qa5 9. Nc1 Ba6 10. Nd3 Bxd3 11. Bxd3 Na6 12. Bxa6 Qxa6 13. Qxb4 0-0 14. Qd2 Rfb8 15. c3 Qb5 16. Rb1 c5 17. Ne2 cxd4 18. Nxd4 Qa4 19. b3 Qa6 20. c4 Qxc4 21. bxc4 Rxb1+ 22. Kf2 Rxh1 23. Kg2 Rb1 24. Nb3 Nxg4 25. Bd4 Bxd4 26. Qxd4 Rd1 27. Qc3 Ne5 28. Qc2 Rd3 29. f4 Nf3 30. Kf2 Rxb3 31. Qxb3 Nd4 1-0

[Event "Astrakhan op"]
[Site "Astrakhan"]
[Date "2012.08.15"]
[Round "1"]
[White "Kotenko, Pavel"]
[Black "Marchenko, Nikolay"]
[Result "1-0"]
[WhiteElo "2397"]
[BlackElo "1853"]
[PlyCount "129"]
[EventDate "2012.08.15"]
[EventType "swiss"]
[EventRounds "9"]
[EventCountry "RUS"]
[SourceTitle "CBM 150 Extra"]
[Source "ChessBase"]
[SourceDate "2012.10.19"]
[SourceVersion "1"]
[SourceVersionDate "2012.10.19"]
[SourceQuality "1"]

1. e4 d6 2. d4 Nf6 3. Nc3 g6 4. g3 Bg7 5. Bg2 0-0 6. Nge2 Nbd7 7. h3 e5 8. Be3 exd4 9. Bxd4 Ne5 10. 0-0 Re8 11. f4 Nc6 12. Bf2 h5 13. Qd2 Be6 14. Rad1 Qd7 15. Kh2 Rad8 16. b3 Qe7 17. Rfe1 Qd7 18. Ng1 Bg4 19. Nf3 Bxf3 20. Bxf3 Bh6 21. Be3 Re7 22. Qf2 a6 23. e5 Ne8 24. exd6 Nxd6 25. Nd5 Re6 26. f5 Bxe3 27. Rxe3 gxf5 28. Rxe6 Qxe6 29. Nxc7 Qg6 30. Nd5 Kg7 31. Nf4 Qg5 32. Nxh5+ Kh7 33. h4 Qg6 34. Nf4 Qf6 35. Bxc6 bxc6 36. Qb6 Rg8 37. Qd4 Qxd4 38. Rxd4 Ne4 39. Ne2 c5 40. Rd5 Kg6 41. Kg2 Kf6 42. Kf3 Rg4 43. Rd8 Ke7 44. Rd5 Ke6 45. c4 Kf6 46. Rd7 Rg6 47. Rd3 Rg4 48. a3 a5 49. Kg2 Ke5 50. Rd7 Ke6 51. Rd3 Ke5 52. Nc3 Nxc3 53. Rxc3 f4 54. Kh3 Rxg3+ 55. Rxg3 fxg3 56. Kxg3 Ke4 57. h5 Kf5 58. Kh4 f6 59. a4 Ke6 60. Kg4 Kf7 61. Kf5 Kg7 62. h6+ Kf7 63. h7 Kg7 64. Ke6 Kxh7 65. Kxf6 1-0

[Event "Astrakhan-ch"]
[Site "Astrakhan"]
[Date "2011.11.25"]
[Round "7"]
[White "Marchenko, Nikolay"]
[Black "Ovchinnikov, Mikhail"]
[Result "1-0"]
[WhiteElo "1769"]
[BlackElo "1862"]
[PlyCount "83"]
[EventDate "2011.11.19"]
[EventType "swiss"]
[EventRounds "9"]
[EventCountry "RUS"]
[SourceTitle "EXT 2013"]
[Source "ChessBase"]
[SourceDate "2012.11.22"]
[SourceVersion "1"]
[SourceVersionDate "2012.11.22"]
[SourceQuality "1"]

1. f4 e5 2. fxe5 d6 3. exd6 Bxd6 4. Nf3 Bg4 5. e3 Nd7 6. Be2 Bxf3 7. Bxf3 c6 8. Nc3 Qh4+ 9. g3 Qh3 10. Qe2 Ngf6 11. Bg2 Qf5 12. d4 0-0 13. e4 Qa5 14. 0-0 Rae8 15. Qd3 Bc7 16. e5 Nd5 17. Nxd5 cxd5 18. Bd2 Qb6 19. Kh1 Rd8 20. Bxd5 Nb8 21. c4 Nc6 22. Bc3 Ne7 23. Qe4 Nxd5 24. cxd5 Rfe8 25. Qf3 Rd7 26. d6 Bd8 27. d5 f6 28. exf6 Rf8 29. Qf5 Rxd6 30. f7+ Kh8 31. Rae1 Bf6 32. Re8 Rd8 33. Bxf6 gxf6 34. Rxd8 Qxd8 35. Qxf6+ Qxf6 36. Rxf6 Kg7 37. Rf4 Rxf7 38. Rxf7+ Kxf7 39. Kg2 Kf6 40. Kf3 Ke5 41. d6 Kxd6 42. Ke4 1-0